|
|
|
|
| LEADER |
00000naa a2200000 a 4500 |
| 001 |
vtls010919781 |
| 003 |
SK-MaSNL |
| 005 |
20260302131232.0 |
| 008 |
220808|1989 xo |||||||||||||||||slo| |
| 015 |
|
|
|a SNBRA
|
| 035 |
|
|
|a (urnnbn)urn:nbn:sk:snk:ar-a0cyxf
|
| 035 |
|
|
|a (uuid)abc1448d-1d4f-4664-954e-bf8f36f73bc8
|
| 035 |
|
|
|a urn:nbn:sk:snk-aatnmx
|
| 040 |
|
|
|a SNKBUCL
|b slo
|c SNKBUCL
|e AACR2
|
| 041 |
0 |
|
|a slo
|
| 044 |
|
|
|a xo
|c SK
|
| 080 |
|
|
|a 37-051
|2 2011
|
| 080 |
|
|
|a 929
|2 2011
|
| 245 |
0 |
0 |
|a KOLOUŠEK, Břetislav
|b český pedagóg (7. 4. 1884 Veselí nad Lužnicí, okr. Tábor - 20. 3. 1967 Praha)
|
| 600 |
1 |
7 |
|a Koloušek, Břetislav,
|d 1884-1967
|2 SNKMA
|9 192030
|
| 655 |
|
7 |
|a biografické heslá
|2 SNKPH
|9 368942
|
| 773 |
0 |
|
|t Slovenský biografický slovník : (od roku 833 do roku 1990). III. zväzok, K-L
|d Martin : Matica slovenská, 1989
|g S. 150
|z 8070900199 viaz
|
| 954 |
|
|
|a odborná, vedecká literatúra pôvodná (slovenská)
|2 lita
|
| 958 |
|
|
|a OND
|
| 958 |
|
|
|a BX
|
| 958 |
|
|
|a article25
|
| 958 |
|
|
|a chapter
|
| 999 |
|
|
|c 1304921
|d 1306851
|